| Tag |
First Indicator |
Second Indicator |
Subfields |
| LEADER |
00000cam a2200000 a 4500 |
| 001 |
in00000019040 |
| 005 |
20151007054138.0 |
| 008 |
840920s1985 nyu b 00110 eng |
| 010 |
|
|
|a 84019354
|
| 020 |
|
|
|a 0030708397 (pbk.)
|
| 035 |
|
|
|a (OCoLC)11235990
|
| 035 |
|
|
|9 AAB4124AM
|
| 040 |
|
|
|a DLC
|c DLC
|d m/c
|d TXA
|d UtOrBLW
|
| 043 |
|
|
|a n-us---
|
| 049 |
|
|
|a TXAM
|c [A11501668]
|
| 050 |
0 |
0 |
|a JX1706
|b .A4 1985
|
| 082 |
0 |
|
|a 353.0089
|2 19
|
| 090 |
|
|
|a E183.7
|b .S63 1985
|
| 100 |
1 |
|
|a Spanier, John W.
|
| 245 |
1 |
0 |
|a American foreign policy making and the democratic dilemmas /
|c John Spanier, Eric M. Uslaner.
|
| 250 |
|
|
|a 4th ed.
|
| 264 |
|
1 |
|a New York :
|b Holt, Rinehart and Winston,
|c [1985]
|
| 264 |
|
4 |
|c ©1985
|
| 300 |
|
|
|a ix, 290 pages ;
|c 24 cm.
|
| 336 |
|
|
|a text
|b txt
|2 rdacontent
|
| 337 |
|
|
|a unmediated
|b n
|2 rdamedia
|
| 338 |
|
|
|a volume
|b nc
|2 rdacarrier
|
| 500 |
|
|
|a Revised edition of: How American foreign policy is made. 2nd edition 1978.
|
| 504 |
|
|
|a Bibliography: pages [263]-279.
|
| 500 |
|
|
|a Includes index.
|
| 536 |
|
|
|a Dr. Paul P. Van Riper Collection, Department of Political Science.
|
| 651 |
|
0 |
|a United States
|x Foreign relations administration.
|
| 700 |
1 |
|
|a Uslaner, Eric M.
|
| 700 |
1 |
|
|a Spanier, John W.
|t How American foreign policy is made.
|
| 999 |
|
|
|a MARS
|
| 999 |
f |
f |
|s 512d01c3-5206-3b2d-bc30-7643e441669e
|i 44633728-9d47-3897-9012-a82aeecc7127
|t 0
|
| 952 |
f |
f |
|p ric
|a Texas A&M University
|b Rellis Campus
|c Joint Library Facility
|d Remote Storage
|t 0
|e E183.7 .S63 1985
|h Library of Congress classification
|i unmediated -- volume
|m A14820852026
|
| 998 |
f |
f |
|a E183.7 .S63 1985
|t 0
|l Remote Storage
|